[Event "Titled Tue 20th May Early"]
[Site "chess.com INT"]
[Date "2025.05.20"]
[Round "3"]
[White "Modric, Nesa"]
[Black "Perry, Patrick"]
[Result "1-0"]
[WhiteTitle "CM"]
[WhiteElo "2088"]
[BlackElo "2296"]
[WhiteFideId "922579"]
[BlackFideId "30917727"]
[EventDate "2025.05.20"]

1. d4 Nf6 2. Bg5 Ne4 3. Bh4 c5 4. d5 Qa5+ 5. c3 d6 6. f3 Nf6 7. e4 b5 8. Na3 a6
9. Bd3 Nbd7 10. Ne2 Ne5 11. Bc2 Ng6 12. Bxf6 exf6 13. h4 h5 14. Ng3 Be7 15. Qd2
Rb8 16. O-O Nxh4 17. Nf5 Nxf5 18. exf5 O-O 19. Rae1 Re8 20. g4 c4 21. gxh5 Bd7
22. Be4 Qb6+ 23. Kg2 Qc5 24. Nc2 a5 25. a3 Bf8 26. Ne3 Re5 27. Ng4 Rxf5 28. Bxf5
Bxf5 29. h6 Bxg4 30. fxg4 b4 31. axb4 axb4 32. hxg7 Bxg7 33. Rf5 bxc3 34. bxc3
Rb3 35. Re8+ Bf8 36. Rxf6 Qb5 37. Qg5+ Kh7 38. Qh5+ Kg7 39. Qxf7+ Kh8 40. Rxf8# 1-0

[Event "Titled Tue 20th May Early"]
[Site "chess.com INT"]
[Date "2025.05.20"]
[Round "3"]
[White "Newansa, M Esandi"]
[Black "Terry, Renato"]
[Result "0-1"]
[WhiteTitle "WCM"]
[BlackTitle "IM"]
[WhiteElo "1947"]
[BlackElo "2508"]
[WhiteFideId "9999060"]
[BlackFideId "3803457"]
[EventDate "2025.05.20"]

1. d4 Nf6 2. Bf4 d6 3. e3 Nbd7 4. Nf3 c6 5. c4 e5 6. dxe5 dxe5 7. Bg3 Qa5+ 8.
Nbd2 Ne4 9. Bd3 Nxg3 10. hxg3 Nf6 11. O-O Qc7 12. Ne4 Nxe4 13. Bxe4 f5 14. Bc2
g6 15. e4 Bg7 16. exf5 gxf5 17. Re1 O-O 18. Nh4 e4 19. Rb1 Be6 20. b3 Rad8 21.
Qe2 Bd4 22. Red1 c5 23. Kf1 Kh8 24. Rd2 Rg8 25. Rbd1 Qf7 26. Nf3 exf3 27. Qxf3
Rde8 28. Re2 f4 29. Qd3 fxg3 30. f3 Qh5 31. Qxh7+ Qxh7 32. Bxh7 Kxh7 33. Rde1
Bf7 0-1

[Event "Titled Tue 20th May Early"]
[Site "chess.com INT"]
[Date "2025.05.20"]
[Round "3"]
[White "Manafov, Vugar"]
[Black "Puzyrevsky, Semyon"]
[Result "1-0"]
[WhiteTitle "IM"]
[BlackTitle "FM"]
[WhiteElo "2432"]
[BlackElo "2253"]
[WhiteFideId "13410814"]
[BlackFideId "24240931"]
[EventDate "2025.05.20"]

1. Nf3 Nf6 2. d4 e6 3. c4 d5 4. Nc3 c6 5. e3 Nbd7 6. Qc2 Bd6 7. Bd3 O-O 8. O-O
dxc4 9. Bxc4 a6 10. Be2 b5 11. Ng5 Bb7 12. Nge4 Be7 13. Bf3 Nxe4 14. Nxe4 Rc8
15. Nc5 Bxc5 16. dxc5 Ne5 17. Be2 a5 18. b3 Qc7 19. Bb2 Rfd8 20. Rad1 b4 21. h3
Ng6 22. Qe4 Rd5 23. Bc4 Rxc5 24. Qd4 Re5 25. Qd7 Rg5 26. f4 Rh5 27. Qxc7 Rxc7
28. Rd8+ Nf8 29. Rfd1 f6 30. Bxe6+ Rf7 31. Bxf7+ Kxf7 32. R1d7+ Nxd7 33. Rxd7+
Kg6 34. Rxb7 Rd5 35. Bd4 c5 36. Rb5 1-0

[Event "Titled Tue 20th May Early"]
[Site "chess.com INT"]
[Date "2025.05.20"]
[Round "3"]
[White "Poormosavi, Seyed Kian"]
[Black "Luong Phuong Hanh"]
[Result "1-0"]
[WhiteTitle "IM"]
[BlackTitle "WIM"]
[WhiteElo "2379"]
[BlackElo "2144"]
[WhiteFideId "12585807"]
[BlackFideId "12401013"]
[EventDate "2025.05.20"]

1. d4 Nf6 2. c4 g6 3. Nc3 d5 4. cxd5 Nxd5 5. e4 Nxc3 6. bxc3 Bg7 7. Be3 c5 8.
Qd2 Qa5 9. Nf3 O-O 10. Rc1 Rd8 11. d5 e6 12. c4 Qxd2+ 13. Nxd2 Na6 14. Be2 f5
15. O-O Bd7 16. Bf3 e5 17. exf5 gxf5 18. Nb3 Rac8 19. Bg5 Rf8 20. Bh5 Be8 21.
Bxe8 Rfxe8 22. Na5 Rc7 23. Rb1 b6 24. Nc6 h6 25. Bh4 Rd7 26. Rfe1 e4 27. Rb3 f4
28. g3 f3 29. Rbe3 b5 30. Rxe4 Rxe4 31. Rxe4 bxc4 32. Rxc4 Rxd5 33. Ne7+ 1-0

[Event "Titled Tue 20th May Early"]
[Site "chess.com INT"]
[Date "2025.05.20"]
[Round "3"]
[White "Gelman, Alexander"]
[Black "Martinez Alcantara, Jose Eduardo"]
[Result "0-1"]
[WhiteTitle "IM"]
[BlackTitle "GM"]
[WhiteElo "2403"]
[BlackElo "2611"]
[WhiteFideId "4118316"]
[BlackFideId "3805662"]
[EventDate "2025.05.20"]

1. d4 Nf6 2. Nc3 e6 3. Bf4 Bb4 4. e3 Nd5 5. Ne2 Nxf4 6. exf4 d5 7. a3 Bd6 8. Qd3
O-O 9. h4 Nd7 10. h5 c5 11. h6 g6 12. O-O-O Rb8 13. dxc5 Bxc5 14. g4 Re8 15. Kb1
b5 16. f5 b4 17. axb4 Rxb4 18. fxg6 fxg6 19. Nxd5 exd5 20. Qxd5+ Kh8 21. Nc3 Bb7
22. Qf7 Re7 23. Qf6+ Nxf6 24. Rxd8+ Re8 25. Rxe8+ Nxe8 26. Rh3 Rxg4 27. Bb5 Nd6
28. Rd3 Kg8 29. Rd5 Bxd5 0-1

[Event "Titled Tue 20th May Early"]
[Site "chess.com INT"]
[Date "2025.05.20"]
[Round "3"]
[White "Arslanov, Shamil"]
[Black "Pranesh, M"]
[Result "0-1"]
[WhiteTitle "IM"]
[BlackTitle "GM"]
[WhiteElo "2410"]
[BlackElo "2576"]
[WhiteFideId "4192826"]
[BlackFideId "35028600"]
[EventDate "2025.05.20"]

1. d4 Nf6 2. f3 d5 3. e4 dxe4 4. Nc3 Nc6 5. Bb5 a6 6. Bxc6+ bxc6 7. fxe4 e5 8.
dxe5 Qxd1+ 9. Kxd1 Ng4 10. Ke2 a5 11. h3 Ba6+ 12. Kf3 Nxe5+ 13. Kf2 Bc5+ 14. Kg3
h5 15. Nf3 Bd6 16. Nxe5 Bxe5+ 17. Bf4 Bd4 18. Rad1 O-O-O 19. Nd5 h4+ 20. Kf3
cxd5 21. Rxd4 dxe4+ 22. Rxe4 Bb7 23. Ke3 Bxe4 24. Kxe4 Rhe8+ 25. Kf3 f6 26. a4
g5 27. Be3 Rd5 28. Re1 Rde5 29. b4 axb4 30. Re2 Rf5+ 31. Kg4 Rf1 32. a5 Kb7 0-1

[Event "Titled Tue 20th May Early"]
[Site "chess.com INT"]
[Date "2025.05.20"]
[Round "3"]
[White "Volkov, Maksim"]
[Black "Kawka, Milena"]
[Result "1-0"]
[WhiteTitle "FM"]
[BlackTitle "WCM"]
[WhiteElo "2370"]
[BlackElo "2004"]
[WhiteFideId "54123070"]
[BlackFideId "21095167"]
[EventDate "2025.05.20"]

1. h4 c5 2. h5 h6 3. Nf3 Nc6 4. b3 e5 5. e4 Nf6 6. Nc3 d6 7. Bc4 Bg4 8. Nd5 a6
9. c3 b5 10. Nxf6+ Qxf6 11. Bd5 Rc8 12. a4 b4 13. Qe2 Nb8 14. Bb2 Be6 15. cxb4
cxb4 16. d4 Nd7 17. Qxa6 Rc2 18. dxe5 dxe5 19. Qa8+ Qd8 20. Qxd8+ Kxd8 21. Bxe6
fxe6 22. Bxe5 Bc5 23. O-O Nxe5 24. Nxe5 Rf8 25. Rad1+ Kc7 26. Rd7+ Kb6 27. Rxg7
Rfxf2 28. Nd7+ Kc6 29. Nxc5 Rxf1+ 30. Kxf1 Kxc5 31. Rc7+ 1-0

[Event "Titled Tue 20th May Early"]
[Site "chess.com INT"]
[Date "2025.05.20"]
[Round "3"]
[White "Naroditsky, Daniel"]
[Black "Sahib, Singh"]
[Result "1-0"]
[WhiteTitle "GM"]
[BlackTitle "FM"]
[WhiteElo "2619"]
[BlackElo "2416"]
[WhiteFideId "2026961"]
[BlackFideId "25618342"]
[EventDate "2025.05.20"]

1. e4 e5 2. Nf3 Nc6 3. Nc3 Nf6 4. Nd5 d6 5. d4 Nxe4 6. Bb5 a6 7. Ba4 Bd7 8. O-O
Nf6 9. Bg5 Be7 10. Nxe7 Nxe7 11. dxe5 dxe5 12. Bb3 Ng6 13. Re1 O-O 14. Nxe5 Nxe5
15. Rxe5 h6 16. Bh4 Bc6 17. Qe2 Re8 18. Re1 Qd4 19. Bxf6 gxf6 20. Re7 Rxe7 21.
Qxe7 Qd7 22. Qxf6 Kh7 23. Bxf7 Be4 24. Bg6+ Bxg6 25. Re7+ Qxe7 26. Qxe7+ Kg8 27.
Qxc7 Re8 28. h3 Re1+ 29. Kh2 Re2 30. Qb8+ Kg7 31. Qxb7+ Bf7 32. Qb4 Rxc2 33.
Qd4+ Kg8 34. Qd8+ Kg7 35. Qd4+ Kg8 36. g4 Bxa2 37. Qf6 Bf7 38. h4 Rc4 39. f3 h5
40. Qg5+ Kf8 41. gxh5 Rc2+ 42. Kg3 Rxb2 43. h6 Rb1 44. Qd8+ Be8 45. h7 1-0

[Event "Titled Tue 20th May Early"]
[Site "chess.com INT"]
[Date "2025.05.20"]
[Round "3"]
[White "Mohammadi, Melika"]
[Black "Sarkar, Justin"]
[Result "1-0"]
[WhiteTitle "WFM"]
[BlackTitle "IM"]
[WhiteElo "2205"]
[BlackElo "2286"]
[WhiteFideId "42529271"]
[BlackFideId "2010011"]
[EventDate "2025.05.20"]

1. Nf3 f5 2. b3 d6 3. Bb2 e5 4. d3 Nf6 5. Nbd2 g6 6. g3 Bg7 7. Bg2 O-O 8. O-O e4
9. dxe4 fxe4 10. Bxf6 Qxf6 11. Nxe4 Qe7 12. Qd5+ Qe6 13. Qxe6+ Bxe6 14. Rad1 h6
15. Nd4 Bd7 16. c4 Nc6 17. Nb5 Rac8 18. c5 a6 19. Na3 Nd4 20. e3 Ne2+ 21. Kh1 d5
22. Rxd5 Bc6 23. Rd2 Nc3 24. Nxc3 Bxc3 25. Rc2 Bxg2+ 26. Kxg2 Bb4 27. Nb1 1-0

[Event "Titled Tue 20th May Early"]
[Site "chess.com INT"]
[Date "2025.05.20"]
[Round "3"]
[White "Chelly, Yahya"]
[Black "Baradaran Tamadon, Arian"]
[Result "0-1"]
[WhiteTitle "CM"]
[BlackTitle "FM"]
[WhiteElo "2039"]
[BlackElo "2304"]
[WhiteFideId "5516200"]
[BlackFideId "12595837"]
[EventDate "2025.05.20"]

1. d4 Nf6 2. c4 b6 3. Nc3 d6 4. Nf3 Bb7 5. e3 Nbd7 6. Be2 g6 7. b4 Bg7 8. Bb2
O-O 9. a4 c5 10. bxc5 bxc5 11. O-O Rb8 12. Qc2 Ne4 13. Bd3 Nxc3 14. Bxc3 Bxf3
15. gxf3 cxd4 16. exd4 Nf6 17. d5 Qc8 18. Rfe1 Qh3 19. Qe2 Ng4 20. fxg4 Bxc3 21.
Rac1 Rb2 22. Qe3 Qxg4+ 23. Kh1 Bxe1 24. Rxe1 Rfb8 25. Bf1 Qf5 26. f3 Qh5 27. Bg2
Qh4 28. Qxe7 Qxe7 0-1

[Event "Titled Tue 20th May Early"]
[Site "chess.com INT"]
[Date "2025.05.20"]
[Round "3"]
[White "Lissillour, Baptiste"]
[Black "Coe, William"]
[Result "0-1"]
[WhiteElo "2318"]
[BlackElo "2078"]
[WhiteFideId "45179620"]
[BlackFideId "30913624"]
[EventDate "2025.05.20"]

1. e4 c5 2. Nf3 e6 3. g3 d5 4. exd5 exd5 5. d4 Nf6 6. Bg2 Be7 7. O-O O-O 8. Nc3
h6 9. dxc5 Bxc5 10. a3 Bg4 11. b4 Be7 12. h3 Be6 13. Bb2 Qd7 14. Ne5 Qc8 15. Kh2
Nc6 16. Nxc6 bxc6 17. Qd3 Rd8 18. Rfe1 Rb8 19. Rab1 c5 20. bxc5 Qxc5 21. Ne2
Rbc8 22. Nd4 Rd6 23. Nf5 Rd7 24. Nxe7+ Qxe7 25. Bd4 Rdc7 26. c3 Nd7 27. Bxd5 Nc5
28. Bxc5 Rxc5 29. Bxe6 Rxc3 30. Bxf7+ Qxf7 0-1

[Event "Titled Tue 20th May Early"]
[Site "chess.com INT"]
[Date "2025.05.20"]
[Round "3"]
[White "Eljanov, Pavel"]
[Black "Wernberg, Hugo"]
[Result "1-0"]
[WhiteTitle "GM"]
[BlackTitle "FM"]
[WhiteElo "2668"]
[BlackElo "2247"]
[WhiteFideId "14102951"]
[BlackFideId "1737511"]
[EventDate "2025.05.20"]

1. d4 d5 2. Nf3 Nf6 3. Bf4 c5 4. e3 Nc6 5. Nbd2 Bf5 6. dxc5 e6 7. Nd4 Bxc5 8.
Nxf5 exf5 9. Nb3 Bd6 10. Bg5 O-O 11. g3 Be5 12. c3 h6 13. Bxf6 Qxf6 14. Bg2 Rfd8
15. O-O a5 16. a4 Rac8 17. Qd3 Ne7 18. Nxa5 Qb6 19. Qb5 Qxb5 20. axb5 b6 21. Nb3
Ra8 22. Ra6 Rxa6 23. bxa6 Ra8 24. Ra1 Ra7 25. Nd4 Bxd4 26. exd4 f6 27. b3 Kf7
28. c4 Ke6 29. c5 b5 30. Bf1 Nc6 31. Bxb5 Nxd4 32. Re1+ Kf7 33. Be8+ Kf8 34. Bh5
Nxb3 35. Re8# 1-0

[Event "Titled Tue 20th May Early"]
[Site "chess.com INT"]
[Date "2025.05.20"]
[Round "3"]
[White "Hoghmrtsyan, Artur"]
[Black "Le, Minh Tu"]
[Result "1-0"]
[WhiteTitle "FM"]
[BlackTitle "FM"]
[WhiteElo "2271"]
[BlackElo "1932"]
[WhiteFideId "13306685"]
[BlackFideId "12404888"]
[EventDate "2025.05.20"]

1. d4 d5 2. c4 dxc4 3. e3 e5 4. Bxc4 exd4 5. exd4 Nf6 6. Nf3 Bd6 7. O-O O-O 8.
Nc3 Nc6 9. h3 h6 10. Re1 Bf5 11. a3 Re8 12. Be3 Ne4 13. Qb3 Qf6 14. Nd5 Qg6 15.
Nh4 Qh5 16. Nxf5 Qxf5 17. Bd3 Rab8 18. Nc3 Na5 19. Qc2 Qf6 20. Nxe4 Qe7 21. d5
Qe5 22. Nxd6 Qxd6 23. b4 Qxd5 24. bxa5 Qxa5 25. Bc4 b5 26. Bb3 c5 27. Qxc5 Rbc8
28. Qf5 Rc7 29. Bd2 1-0

[Event "Titled Tue 20th May Early"]
[Site "chess.com INT"]
[Date "2025.05.20"]
[Round "3"]
[White "Dragnev, Valentin"]
[Black "Xiong, Jeffery"]
[Result "1/2-1/2"]
[WhiteTitle "GM"]
[BlackTitle "GM"]
[WhiteElo "2540"]
[BlackElo "2636"]
[WhiteFideId "1634852"]
[BlackFideId "2047640"]
[EventDate "2025.05.20"]

1. e4 e6 2. d4 d5 3. Nd2 c5 4. Ngf3 cxd4 5. Nxd4 Nc6 6. Bb5 Bd7 7. Nxc6 bxc6 8.
Bd3 Qc7 9. Nf3 Bd6 10. Qe2 e5 11. exd5 Nf6 12. dxc6 Bxc6 13. Bg5 e4 14. Bxf6 O-O
15. Nd4 exd3 16. Qg4 Rfe8+ 17. Kf1 Bf8 18. Nxc6 Qxc6 19. Bc3 dxc2 20. h4 Re4 21.
Qf3 Rae8 22. g3 Re1+ 23. Kg2 Rxh1 24. Rxh1 Qh6 25. Qf4 Qc6+ 26. Qf3 Qh6 27. Qf4
Qc6+ 28. Qf3 1/2-1/2

[Event "Titled Tue 20th May Early"]
[Site "chess.com INT"]
[Date "2025.05.20"]
[Round "3"]
[White "Bok, Benjamin"]
[Black "Sakun, Volodymyr"]
[Result "1-0"]
[WhiteTitle "GM"]
[BlackTitle "FM"]
[WhiteElo "2591"]
[BlackElo "2301"]
[WhiteFideId "1017063"]
[BlackFideId "14114062"]
[EventDate "2025.05.20"]

1. d4 d5 2. c4 e6 3. Nc3 Nf6 4. cxd5 exd5 5. Bg5 Bb4 6. e3 c6 7. Bd3 h6 8. Bh4
O-O 9. Ne2 Re8 10. O-O Nbd7 11. Qc2 a5 12. h3 b6 13. Rac1 Bb7 14. Rfd1 Rc8 15.
Bf5 Be7 16. Na4 b5 17. Bxf6 Bxf6 18. Bxd7 Qxd7 19. Nb6 Qe7 20. Nxc8 Rxc8 21. Nf4
Bg5 22. Nd3 Bf6 23. Nc5 Ba8 24. Qd2 a4 25. b3 axb3 26. axb3 Qd6 27. Ra1 Be7 28.
Ra7 Qd8 29. Rda1 Bxc5 30. dxc5 Rb8 31. e4 Bb7 32. exd5 cxd5 33. Qf4 Qe8 34. Kh2
d4 35. Re1 Qc6 36. Qxb8+ Kh7 37. Qxb7 1-0

[Event "Titled Tue 20th May Early"]
[Site "chess.com INT"]
[Date "2025.05.20"]
[Round "3"]
[White "Mesquita, Eduardo Barbosa"]
[Black "Garcia Garcia, Adrian Antonio"]
[Result "0-1"]
[BlackTitle "CM"]
[WhiteElo "2014"]
[BlackElo "2157"]
[WhiteFideId "22757163"]
[BlackFideId "2206587"]
[EventDate "2025.05.20"]

1. Nf3 c5 2. Nc3 Nf6 3. d3 g6 4. e4 d6 5. Be2 Nc6 6. O-O Bg7 7. Be3 e5 8. h3 O-O
9. Nb1 Nd4 10. Nbd2 b5 11. c3 Nxe2+ 12. Qxe2 a5 13. Rfd1 Ba6 14. Qe1 b4 15. d4
Qe7 16. Nb3 a4 17. Nbd2 Rab8 18. a3 bxc3 19. bxc3 Bd3 20. Bg5 Qe6 21. Nf1 c4 22.
d5 Qd7 23. Ng3 Rb3 24. Rdc1 h6 25. Bh4 Rfb8 26. Qe3 Kh7 27. Nd2 Rb2 28. Nf3 R8b3
29. Nd2 Rb5 30. Nf3 Qc7 31. Nh2 Qc5 32. Qf3 g5 33. Qf5+ Kg8 34. Nh5 Nxh5 35.
Bxg5 hxg5 36. Nf3 Qxf2+ 0-1

[Event "Titled Tue 20th May Early"]
[Site "chess.com INT"]
[Date "2025.05.20"]
[Round "3"]
[White "Ostensen, Nicolai Maxime"]
[Black "Dovgaliuk, Oleksandr"]
[Result "1-0"]
[WhiteTitle "FM"]
[WhiteElo "2283"]
[BlackElo "2240"]
[WhiteFideId "1546970"]
[BlackFideId "14167247"]
[EventDate "2025.05.20"]

1. e4 c5 2. Nf3 d6 3. Bb5+ Bd7 4. Bxd7+ Qxd7 5. c4 e5 6. Nc3 Nc6 7. O-O Be7 8.
d3 Bd8 9. Re1 Nge7 10. Nd2 O-O 11. Nf1 f5 12. exf5 Nxf5 13. Ne3 Nh4 14. Ne4 Nd4
15. Bd2 Qe6 16. Kh1 a6 17. Bc3 b5 18. b3 Qg6 19. Rg1 Bg5 20. Bxd4 cxd4 21. Nd5
Kh8 22. Qg4 Bd8 23. Qxg6 Nxg6 24. Rgf1 bxc4 25. bxc4 Rb8 26. Rab1 Ba5 27. g3 h5
28. h4 Kh7 29. Kg2 Rfd8 30. Rb3 Rxb3 31. axb3 Rd7 32. Ra1 Bd8 33. Rxa6 Be7 34.
b4 1-0

[Event "Titled Tue 20th May Early"]
[Site "chess.com INT"]
[Date "2025.05.20"]
[Round "3"]
[White "Korchynskyi, Mykola"]
[Black "Stichter, Constantin Paul"]
[Result "1-0"]
[WhiteTitle "FM"]
[WhiteElo "2325"]
[BlackElo "2209"]
[WhiteFideId "34138005"]
[BlackFideId "34603140"]
[EventDate "2025.05.20"]

1. d4 Nf6 2. c4 e6 3. Nc3 b6 4. Nf3 Bb7 5. Bf4 Be7 6. e3 Ne4 7. Bd3 Nxc3 8. bxc3
d6 9. e4 Nd7 10. O-O Bf6 11. Re1 e5 12. Bg3 h5 13. h4 c5 14. dxe5 dxe5 15. Qe2
Qe7 16. Rad1 Nf8 17. Bc2 Bc6 18. Nh2 Ng6 19. Nf1 Nf4 20. Qf3 Bxh4 21. Ne3 g6 22.
Bxf4 exf4 23. Nd5 Qe5 24. Nxf4 O-O 25. Nd5 Kg7 26. g3 Be7 27. Qe3 Bxd5 28. cxd5
h4 29. f4 Qf6 30. e5 1-0

[Event "Titled Tue 20th May Early"]
[Site "chess.com INT"]
[Date "2025.05.20"]
[Round "3"]
[White "Terron Elena, Francisco M."]
[Black "Villalba, Marcelo"]
[Result "0-1"]
[WhiteTitle "FM"]
[BlackTitle "IM"]
[WhiteElo "2148"]
[BlackElo "2233"]
[WhiteFideId "2210576"]
[BlackFideId "3701859"]
[EventDate "2025.05.20"]

1. e4 e5 2. Nf3 Nc6 3. Bb5 a6 4. Ba4 Nf6 5. O-O Be7 6. d4 exd4 7. e5 Ne4 8. Re1
Nc5 9. Bxc6 dxc6 10. Nxd4 O-O 11. Nc3 Ne6 12. Nf5 Bg5 13. Qg4 Bxc1 14. Raxc1 Qg5
15. Qxg5 Nxg5 16. Ne7+ Kh8 17. Nxc8 Raxc8 18. f4 Ne6 19. f5 Nd4 20. Re4 Nxf5 21.
Rf1 Ne7 22. Ref4 Kg8 23. Ne4 Ng6 24. Rf5 b6 25. Ng5 Rce8 26. Nxf7 Re7 27. e6
Rxe6 28. h4 Re7 29. Ng5 Rxf5 30. Rxf5 Nxh4 31. Rf4 Ng6 32. Re4 Rxe4 33. Nxe4 h6
34. Kf2 Kf7 35. Ke3 Ke6 36. Ng3 Ne5 37. Ke4 Nc4 38. b3 Nd6+ 39. Kd4 Nf5+ 0-1

[Event "Titled Tue 20th May Early"]
[Site "chess.com INT"]
[Date "2025.05.20"]
[Round "3"]
[White "Andersen, Alec"]
[Black "Martinez Fernandez, Adrian"]
[Result "0-1"]
[BlackTitle "IM"]
[WhiteElo "2019"]
[BlackElo "2404"]
[WhiteFideId "2096978"]
[BlackFideId "32049048"]
[EventDate "2025.05.20"]

1. d4 Nf6 2. Nc3 e6 3. e4 d5 4. e5 Nfd7 5. f4 c5 6. Nf3 Nc6 7. Be3 a6 8. Bd3 b5
9. O-O c4 10. Be2 b4 11. Nb1 a5 12. c3 Be7 13. a3 Bb7 14. Qe1 Nb6 15. axb4 axb4
16. Rxa8 Qxa8 17. Qg3 g6 18. h4 Qa2 19. cxb4 Qxb2 20. Qf2 Nxb4 21. h5 Bc6 22. h6
c3 23. Qe1 c2 24. Nbd2 Na2 0-1

[Event "Titled Tue 20th May Early"]
[Site "chess.com INT"]
[Date "2025.05.20"]
[Round "3"]
[White "Nersisyan, Garnik"]
[Black "Rees, Ioan"]
[Result "1-0"]
[WhiteTitle "CM"]
[BlackTitle "FM"]
[WhiteElo "2035"]
[BlackElo "2288"]
[WhiteFideId "13300741"]
[BlackFideId "1801236"]
[EventDate "2025.05.20"]

1. e4 e5 2. d3 Nf6 3. Nc3 Nc6 4. g3 Bc5 5. Bg2 a5 6. Nge2 a4 7. a3 d6 8. O-O h5
9. h3 Be6 10. Bg5 Qd7 11. Kh2 h4 12. g4 Bxg4 13. Bxf6 Bxe2 14. Qxe2 gxf6 15. Nd5
O-O-O 16. Nxf6 Qe6 17. Ng4 Rdg8 18. c3 Ne7 19. Qf3 Ng6 20. Qf5 Nf4 21. Qxe6+
Nxe6 22. Rad1 Rh5 23. Nf6 Rxg2+ 24. Kxg2 Rg5+ 25. Kh2 Rg6 26. Ng4 b5 27. Rg1 Kd8
28. Rg2 Ke7 29. f3 Nf4 30. Rgd2 f6 31. d4 Bb6 32. Ne3 Rg3 33. Nf5+ Ke6 34. Nxg3
hxg3+ 35. Kxg3 c5 36. dxe5 fxe5 37. Rxd6+ 1-0

[Event "Titled Tue 20th May Early"]
[Site "chess.com INT"]
[Date "2025.05.20"]
[Round "3"]
[White "Principe, Gerson"]
[Black "Sarana, Alexey"]
[Result "0-1"]
[WhiteTitle "FM"]
[BlackTitle "GM"]
[WhiteElo "2176"]
[BlackElo "2686"]
[WhiteFideId "3804550"]
[BlackFideId "24133795"]
[EventDate "2025.05.20"]

1. d4 Nf6 2. Nf3 d5 3. c4 e6 4. Nc3 Nbd7 5. cxd5 exd5 6. Bf4 c6 7. e3 Nh5 8. Bg5
Be7 9. Bxe7 Qxe7 10. Be2 O-O 11. O-O Nhf6 12. Rb1 a5 13. Rc1 Ne8 14. Qc2 Nd6 15.
Bd3 g6 16. a3 Re8 17. Nd2 Nf6 18. Rfe1 Be6 19. f3 Nh5 20. Nf1 Qg5 21. Na4 Bf5
22. Nc5 Bxd3 23. Qxd3 b6 24. Na4 Nc4 25. Re2 Re6 26. Rce1 Rae8 27. b3 Nxa3 28.
Nxb6 Nb5 29. Nd7 Qe7 30. Nc5 Nf4 31. Qd2 Nxe2+ 32. Rxe2 Rd6 33. Qd3 Rdd8 34. Rc2
h5 35. Rc1 h4 36. h3 Nd6 37. Na4 Nf5 38. Re1 Qb4 0-1

[Event "Titled Tue 20th May Early"]
[Site "chess.com INT"]
[Date "2025.05.20"]
[Round "3"]
[White "Marynychenko, Yehor"]
[Black "Cattaneo, Marco"]
[Result "0-1"]
[WhiteTitle "CM"]
[BlackTitle "FM"]
[WhiteElo "2183"]
[BlackElo "2291"]
[WhiteFideId "34160558"]
[BlackFideId "878332"]
[EventDate "2025.05.20"]

1. e4 g6 2. d4 Bg7 3. Nc3 c6 4. Nf3 d5 5. e5 Bg4 6. Be2 e6 7. Bg5 Qb6 8. Na4
Qa5+ 9. c3 h6 10. Bh4 Bxf3 11. Bxf3 Nd7 12. b4 Qc7 13. Nc5 b6 14. Nxd7 Qxd7 15.
O-O Ne7 16. Qd2 O-O 17. Bf6 Kh7 18. Qf4 Rac8 19. g4 Ng8 20. g5 c5 21. gxh6 Bxf6
22. exf6 cxb4 23. cxb4 Qd8 24. Rac1 Qxf6 25. Qe3 Nxh6 26. Bg2 Nf5 27. Qa3 Qxd4
28. Rxc8 Rxc8 29. Qxa7 Kg7 30. b5 Nh4 31. Qa3 Rc3 32. Qd6 Qg4 33. Qe5+ f6 34.
Qxd5 exd5 0-1

[Event "Titled Tue 20th May Early"]
[Site "chess.com INT"]
[Date "2025.05.20"]
[Round "3"]
[White "Sharshenbekov, Emir"]
[Black "Fisabilillah, Ummi"]
[Result "0-1"]
[WhiteTitle "CM"]
[BlackTitle "WIM"]
[WhiteElo "2091"]
[BlackElo "2115"]
[WhiteFideId "13810634"]
[BlackFideId "7104804"]
[EventDate "2025.05.20"]

1. e4 g6 2. d4 Bg7 3. Be3 d6 4. Qd2 a6 5. Nc3 b5 6. a4 b4 7. Na2 a5 8. c3 Na6 9.
cxb4 axb4 10. Nxb4 Nxb4 11. Qxb4 Bd7 12. Bd3 Nf6 13. Ne2 Ng4 14. Bd2 c5 15. dxc5
dxc5 16. Qxc5 Bxb2 17. Rb1 Bg7 18. a5 O-O 19. O-O Be6 20. Nf4 Rc8 21. Qb6 Ba2
22. Rb5 Ne5 23. Rb2 Bc4 24. Rd1 Nxd3 25. Nxd3 Qxd3 26. Rb4 Bd4 27. Qb7 Bxf2+ 28.
Kh1 Qe2 29. Rbb1 Bd3 30. Ra1 Bxe4 31. Qb4 Bd4 0-1

[Event "Titled Tue 20th May Early"]
[Site "chess.com INT"]
[Date "2025.05.20"]
[Round "3"]
[White "Vingris, Mikelis"]
[Black "Bardyk, Artem"]
[Result "0-1"]
[BlackTitle "FM"]
[WhiteElo "2102"]
[BlackElo "2284"]
[WhiteFideId "11611731"]
[BlackFideId "34349979"]
[EventDate "2025.05.20"]

1. e4 c6 2. d4 d5 3. exd5 cxd5 4. Bd3 Nc6 5. c3 Nf6 6. Bf4 Bg4 7. Nf3 e6 8. O-O
Bd6 9. Bxd6 Qxd6 10. Nbd2 O-O 11. Re1 a6 12. Qb3 Nd7 13. a4 Bh5 14. Qc2 Bg6 15.
Bxg6 hxg6 16. Qd3 Rab8 17. Ng5 Nf6 18. Ndf3 Qf4 19. g3 Qf5 20. Qxf5 gxf5 21. Nd2
Ne4 22. Ngxe4 fxe4 23. f3 f5 24. Nf1 e5 25. fxe4 dxe4 26. dxe5 Nxe5 27. Kg2 Rbd8
28. Red1 Nd3 29. b3 g5 30. Nd2 Nb2 31. Kf2 Nxd1+ 32. Rxd1 f4 33. gxf4 Rxf4+ 34.
Ke2 Rh4 35. Rh1 Rh3 36. Nxe4 Re8 37. Rg1 Rxe4+ 38. Kd2 Rxh2+ 39. Kd3 Re5 40. Kd4
Rf5 41. c4 Rd2+ 42. Kc3 Rdf2 43. a5 Rxa5 44. Kb4 Raf5 45. Rd1 a5+ 46. Ka4 Ra2# 0-1

[Event "Titled Tue 20th May Early"]
[Site "chess.com INT"]
[Date "2025.05.20"]
[Round "3"]
[White "Masague Artero, Guerau"]
[Black "Nguyen, Quoc Hy"]
[Result "0-1"]
[WhiteTitle "FM"]
[BlackTitle "FM"]
[WhiteElo "2326"]
[BlackElo "2389"]
[WhiteFideId "32098952"]
[BlackFideId "12410853"]
[EventDate "2025.05.20"]

1. e4 c5 2. Nc3 d6 3. f4 g6 4. Bb5+ Nc6 5. Bxc6+ bxc6 6. d3 Bg7 7. Nf3 Nf6 8.
O-O O-O 9. Qe1 Bg4 10. Nd2 Rb8 11. f5 gxf5 12. h3 Bh5 13. exf5 Rb4 14. a3 Rd4
15. Nb3 Nd7 16. Kh1 Ne5 17. Qg3 Kh8 18. Qg5 Bf3 19. gxf3 Bf6 20. Qh5 Rh4 21.
Qxh4 Bxh4 22. Bf4 Qd7 23. Bxe5+ dxe5 0-1